000 01891 a2200217 4500
001 22292
005 20260407155512.0
008 260407a1974 arg spa d
003 AR-UNSa-BCEJYS
040 _aAR-UNSa-BCEJYS
_bspa
_cAR-UNSa-BCEJYS
080 _a342.9
_xDerecho Administrativo
245 1 0 _aTratado de derecho administrativo
264 1 _aBuenos Aires :
_bAbeledo Perrot
_c1974
300 _a2.v (642,725)
_c23 cm.
505 _aTítulo VII: 1. Contratos de la Administración pública - 2. Contrato administrativo y contrato de derecho común de la administración pública - 3. Formación y prueba del contrato administrativo - 4. Elección del cocontratante de la administración - 5. Caracteres del contrato administrativo - 6. Elementos del contrato administrativo - 7. Efectos del contrato administrativo - 8. Ejecución de los contratos administrativos - 9. Vicios o defectos de los contratos administrativos - 10. Terminación o finalización de los contratos administrativos. Parte II: 1. De la función o empleo público - 2. El personal de la administración pública - 3. Estructura de la relación de función o empleo público - 4. El ingreso a la función o empleo público - 5. Naturaleza jurídica de la relación de función o empleo públicos - 6. Formación de la relación de función o de empleo públicos - 7. Deberes de los funcionarios y empleados públicos - 8. Derechos de los funcionarios y empleados públicos - 9. Responsabilidad de los funcionarios públicos - 10. Extinción de la relación de función o empleo público - 11. De las contiendas en materia de relación de empleo público.
041 _aspa
942 _cBK
590 _aniveau_biblio:m niveau_hierar:0
100 1 _aMarienhoff, Miguel S.
856 4 1 _uhttps://biblioeco.unsa.edu.ar/pmb/images/libros/Tratado de Derecho Administrativo-l26794.jpg
_yImagen de portada
_qimage/jpeg
999 _c950
_d950